000 nam a22 7a 4500
999 _c153746
_d153744
005 20200121092413.0
008 200121b sp ||||| |||| 00| 0 spa d
020 _a8481559539
050 0 4 _aKKT3483.3
_bP47 2002
100 1 _aPérez Gómez, Alberto,
245 1 3 _aEl control de las concentraciones de medios de comunicaciones
_b: Derechos español y comparado
_c/ Alberto Pérez Gómez
250 _a1a ed.
260 _aMadrid, España :
_bDykinson,
_c2002
300 _axxii, 719 p. ;
_c24 cm.
504 _aIncluye bibliografias e índice
650 7 _2lemb
_aMedios de comunicación
_xAspectos Sociales
942 _2lcc
_cLIB